Slipknot Songs - Sudden Death - Statistics

General Stats
  • This quiz has been taken 209 times
  • The average score is 8 of 10
Answers on the Grid
Answers color-coded by a green-red scale on the quiz's grid according to % correct below.
Before I Forget
Broken Grin Phenomenon
Chamber of the Forsaken
Circle
Custer
Deadframe Ritual
Drowned in Static
Duality
Fractured Procession
Gehenna
Ghosts Beneath the Asphalt
Harvester of the Marionettes
Hollow Mind Collapse
Left Behind
Mask of the Hollow Choir
Ninefold Havoc
Psychosocial
Pulse of the Outcast
Red Wire Gospel
Requiem for the Stricken
Shadows for the Innocent
Silence in the Furnace
Skin of the Static
Spiral of the Nameless
Synthetic Sacrifice
The Devil in I
The Endless Maw
Triggered Rebirth
Vermilion
Wait and Bleed
 
Answer Stats
Answer % Correct
Before I Forget
94%
Duality
93%
Psychosocial
91%
Wait and Bleed
88%
The Devil in I
87%
Custer
84%
Vermilion
84%
Left Behind
66%
Circle
53%
Gehenna
39%
No matching quizzes found
Score Distribution
Percent of People with Each Score
Percentile by Number Answered
Your Score History
You have not taken this quiz